01757nam a2200481 i 450000100060000000300080000600500170001400600190003100700150005000800410006502000270010602000180013303500230015103500240017403500250019803500210022304000310024405000240027508000070029908200170030610000350032324500540035826400370041230000410044933600310049033700330052133800430055449000240059750000220062150400290064358801280067259001590080060000330095965000480099265000430104065000180108365000240110165500270112579700190115283000250117185600620119699900170125897829FlNmELB20241217172714.0m o d | cr cnu||||||||170223s2014 sp ob 001 0 spa d a9788446041092 (e-book) z9788446040170 a(MiAaPQ)EBC4794964 a(Au-PeEL)EBL4794964 a(CaPaEBR)ebr11335594 a(OCoLC)992050749 aFINmELBbspaerdacFINmELB 4aML410.V4bS669 2014 a780 a782.10922231 aSánchez Sánchez, Víctor.10aVerdi y España /cVíctor Sánchez Sánchez. 1aMadrid :bEdiciones Akal,c2014. a1 recurso en línea (276 páginas) atextobtxt2rdacontent/spa acomputadorabc2rdamedia/spa arecurso en líneabcr2rdacarrier/spa1 aAkal Música ;v48 aIncluye índice. aContiene bibliografía. aDescripción basada en recurso en línea; Título de la página del título en PDF (e-libro, visto February 23, 2017). aRecurso electronico. Santa Fe, Arg. : e-libro, 2016. Disponible via World Wide Web. El acceso puede ser limitado para las bibliotecas afiliadas a e-libro.10aVerdi, Giuseppe,d1813-1901. 0aMusicxHistory and criticismy19th century. 4aMúsicaxHistoria y críticayS XIX. 0aMusiczSpain. 4aMúsicazEspaña. 4aLibros electrónicos.2 ae-libro, Corp. 0aAkal Música ;v48.40uhttps://elibro.net/ereader/politecnicointernacional/49715 c97829d97829